Virgin land: the american west as symbol and myth

I tiakina i:
Ngā taipitopito rārangi puna kōrero
Kaituhi matua: Smith, Henry Nash (Author)
Hōputu: Pukapuka
Reo:Ingarihi
I whakaputaina: Nueva York Random House 1950
Ngā marau:
Ngā Tūtohu: Tāpirihia he Tūtohu
Kāore He Tūtohu, Me noho koe te mea tuatahi ki te tūtohu i tēnei pūkete!

MARC

LEADER 00000nam a2200000 a 4500
001 UCO1201
003 CL-VaPUC
008 000512e19500000US |||||||||||||||||eng|d
082 0 4 |a 973  |b SMI  |2 21 
100 0 |a Smith, Henry Nash  |e author  |9 443094 
245 1 0 |a Virgin land: the american west as symbol and myth 
300 |a 305 p 
942 |c BK 
945 |d 20000512 00:00:00  |a crobeson 
260 |a Nueva York  |b Random House  |c 1950 
600 0 |a Jefferson, Thomas  |d 1743-1826  |9 719853 
600 0 7 |a BOONE, DANIEL  |2 CL-VaPUC  |9 443095 
600 0 7 |a CARSON, KIT  |2 CL-VaPUC  |9 443096 
600 0 7 |a TAYLOR, BUCK  |2 CL-VaPUC  |9 443097 
600 0 7 |a WEBBER, CHARLES W  |2 CL-VaPUC  |9 443098 
650 7 |a HISTORIA ESTADOUNIDENSE  |2 CL-VaPUC  |9 350346 
650 0 |a Costumbres y tradiciones   |9 268292 
650 0 |a Literatura estadounidense  |9 317168 
650 0 |a Agricultura  |9 255598 
650 0 |a Historia y crítica   |9 257407 
651 0 |a Estados Unidos  |9 255178 
583 |a last modification  |c 20000512 00:00:00  |k Rodrigo Vera 
999 |c 287830  |d 287828 
952 |0 0  |1 0  |4 0  |6 973_000000000000000_SMI_1950  |7 0  |8 A  |9 334891  |a BIBHIS  |b BIBHIS  |d 2019-11-20  |i 1274899  |o 973 SMI 1950  |p 1274899  |r 2025-01-20  |w 2019-11-20  |y BK  |k HIS